| 000 | 00643nam a2200217 a 4500 | ||
|---|---|---|---|
| 005 | 20140311161058.0 | ||
| 008 | 040818s19uu xx 00 eng d | ||
| 020 | _a0415227208 | ||
| 050 |
_aBF 637.C45 _b.H33 2011 |
||
| 100 | _aHargie, Owen | ||
| 245 |
_aSkilled interpersonal communication: _bresearch, theory and practice. / _cOwen Hargie |
||
| 250 | _a4th ed. | ||
| 260 |
_aLondon : _bRoutledge, _c2004. |
||
| 300 |
_a542 p. : _bill. ; _c26 cm. |
||
| 500 | _aIncludes references and subject index. | ||
| 521 | _aMC | ||
| 650 | _aInterpersonal Communication. | ||
| 700 | _aDickson, David | ||
| 942 |
_cBK _2lcc _kFOR |
||
| 999 |
_c20670 _d20670 |
||